Neighborhoods of Salt Lake City on a Map - Statistics

General Stats
  • This quiz has been taken 27 times
  • The average score is 10 of 27
Answers on the Map
Answers color-coded by a green-red scale on the quiz's map according to % correct below.
 
Answer Stats
Neighborhoods % Correct
Capitol Hill
72%
Downtown
67%
Sugar House
67%
The Avenues
67%
University
61%
Rose Park
50%
Glendale
44%
Ballpark
39%
Central City
39%
East Bench
39%
Fairpark
39%
Foothill/Sunnyside
39%
Liberty Wells
39%
Sunnyside East
39%
Bonneville Hills
33%
East Central
33%
Wasatch Hollow
33%
Yalecrest
33%
Central 9th
28%
Marmalade District
28%
Poplar Grove
28%
East Liberty Park
22%
Federal Heights
22%
Jordan Meadows
22%
Westpointe
22%
9th and 9th
17%
University Gardens
17%
No matching quizzes found
Score Distribution
Percent of People with Each Score
Percentile by Number Answered
Your Score History
You have not taken this quiz